[Event "Chigorin Memorial 21st"]
[Site "St Petersburg"]
[Date "2013.10.11"]
[Round "7"]
[White "Bublei, Pavel"]
[Black "Drachev, Oleg"]
[Result "1-0"]
[WhiteElo "2328"]
[BlackElo "2176"]
[PlyCount "47"]
[EventDate "2013.10.05"]
[EventType "swiss"]
[EventRounds "9"]
[EventCountry "RUS"]
[SourceTitle "CBM 156 Extra"]
[Source "ChessBase"]
[SourceDate "2013.10.22"]
[SourceVersion "1"]
[SourceVersionDate "2013.10.22"]
[SourceQuality "1"]

1. d4 d6 2. e4 Nf6 3. Nc3 g6 4. Be3 c6 5. Qd2 b5 6. Bd3 Nbd7 7. h3 e5 8. Nf3 Bg7 9. 0-0 0-0 10. dxe5 dxe5 11. a4 b4 12. Ne2 c5 13. Ng3 Bb7 14. b3 Qc7 15. Bh6 Ne8 16. Rad1 Bxh6 17. Qxh6 Ng7 18. Ng5 Nf6 19. Bc4 Rae8 20. Rd3 Ne6 21. Nh5 gxh5 22. Rg3 Ng7 23. Nxh7 Ng4 24. Nf6+ 1-0

[Event "Chigorin Memorial 21st"]
[Site "St Petersburg"]
[Date "2013.10.09"]
[Round "5"]
[White "Smirnov, Artem"]
[Black "Drachev, Oleg"]
[Result "1-0"]
[WhiteElo "2434"]
[BlackElo "2176"]
[PlyCount "65"]
[EventDate "2013.10.05"]
[EventType "swiss"]
[EventRounds "9"]
[EventCountry "RUS"]
[SourceTitle "CBM 156 Extra"]
[Source "ChessBase"]
[SourceDate "2013.10.22"]
[SourceVersion "1"]
[SourceVersionDate "2013.10.22"]
[SourceQuality "1"]

1. e4 d6 2. d4 Nf6 3. Nc3 g6 4. g3 Bg7 5. Bg2 Nc6 6. Nge2 0-0 7. h3 e5 8. Be3 exd4 9. Nxd4 Bd7 10. 0-0 Re8 11. Qd2 a6 12. Rad1 Rb8 13. Rfe1 Nxd4 14. Bxd4 Bc6 15. f4 Nh5 16. Bf2 b5 17. g4 b4 18. Nb1 Nf6 19. e5 Bxg2 20. exf6 Bxh3 21. fxg7 Bxg4 22. Rxe8+ Qxe8 23. Re1 Qc6 24. Bd4 Be6 25. Qg2 Qc4 26. Qe4 c5 27. Bf6 Qxe4 28. Rxe4 Bxa2 29. Nd2 Be6 30. Re1 Rb6 31. Nc4 Rc6 32. Ne3 c4 33. Nd5 1-0

[Event "Chigorin Memorial 21st"]
[Site "St Petersburg"]
[Date "2013.10.07"]
[Round "3"]
[White "Ponomarev, Dmitry"]
[Black "Drachev, Oleg"]
[Result "1-0"]
[WhiteElo "2395"]
[BlackElo "2176"]
[PlyCount "93"]
[EventDate "2013.10.05"]
[EventType "swiss"]
[EventRounds "9"]
[EventCountry "RUS"]
[SourceTitle "CBM 156 Extra"]
[Source "ChessBase"]
[SourceDate "2013.10.22"]
[SourceVersion "1"]
[SourceVersionDate "2013.10.22"]
[SourceQuality "1"]

1. c4 Nf6 2. d4 e6 3. a3 b6 4. Nc3 Bb7 5. d5 e5 6. Nf3 d6 7. e4 g6 8. g3 Bg7 9. Bg2 0-0 10. 0-0 a5 11. Ne1 Ba6 12. b3 Ne8 13. Qe2 Nd7 14. Rb1 f5 15. b4 axb4 16. axb4 Kh8 17. Bd2 Nef6 18. Nc2 Ng8 19. Ra1 f4 20. Ra3 Bh6 21. Rfa1 Bb7 22. Nd1 Rxa3 23. Rxa3 c6 24. dxc6 Bxc6 25. Rd3 Qc7 26. Nc3 Ndf6 27. Be1 Ra8 28. Qd1 Ne8 29. Bf1 Ngf6 30. f3 fxg3 31. hxg3 Bd7 32. Ne3 Bxe3+ 33. Rxe3 Be6 34. Nd5 Nxd5 35. cxd5 Bd7 36. Rc3 Qa7 37. Bf2 Qb7 38. Qc1 Kg7 39. f4 h6 40. fxe5 dxe5 41. Be3 h5 42. Bh6+ Kh7 43. Bf8 Rc8 44. Qh6+ Kg8 45. Qxg6+ Kxf8 46. Rf3+ Ke7 47. d6+ 1-0

[Event "Chigorin Memorial 21st"]
[Site "St Petersburg"]
[Date "2013.10.06"]
[Round "2"]
[White "Drachev, Oleg"]
[Black "Osipov, Vladimir N"]
[Result "1-0"]
[WhiteElo "2176"]
[BlackElo "1919"]
[PlyCount "126"]
[EventDate "2013.10.05"]
[EventType "swiss"]
[EventRounds "9"]
[EventCountry "RUS"]
[SourceTitle "CBM 156 Extra"]
[Source "ChessBase"]
[SourceDate "2013.10.22"]
[SourceVersion "1"]
[SourceVersionDate "2013.10.22"]
[SourceQuality "1"]

1. e4 c5 2. Nf3 Nc6 3. Nc3 d6 4. Bb5 a6 5. Bxc6+ bxc6 6. 0-0 Bg4 7. h3 Bh5 8. Re1 e5 9. a3 Be7 10. b4 cxb4 11. axb4 Nf6 12. Qe2 Qc8 13. Qe3 0-0 14. Ne2 Ne8 15. Ng3 Bg6 16. d4 exd4 17. Nxd4 Bf6 18. Bb2 Qb7 19. Bc3 Rc8 20. Nb3 Bxc3 21. Qxc3 Qb6 22. e5 dxe5 23. Nc5 Nf6 24. Rxa6 Nd5 25. Qxe5 Qxb4 26. Nd7 f6 27. Qe6+ Bf7 28. Qe4 Qxe4 29. Rxe4 Rfd8 30. Nb6 Nxb6 31. Rxb6 Rc7 32. Re3 g6 33. Ne4 Kg7 34. Nc5 Rd1+ 35. Kh2 Rd2 36. Na6 Rcd7 37. Rxc6 Rxf2 38. Rf3 Rxf3 39. gxf3 Rd2+ 40. Kg3 g5 41. h4 h5 42. Nb4 gxh4+ 43. Kh3 Be8 44. Rc4 Rf2 45. Rc3 Kg6 46. Kxh4 Bd7 47. Kg3 Re2 48. Nd3 Kg5 49. Rc4 Re3 50. Kf2 Re8 51. Rd4 Re7 52. c4 h4 53. c5 h3 54. Kg3 Rh7 55. Rd5+ f5 56. Nf2 Kf6 57. Nxh3 Ke6 58. Rd6+ Ke7 59. Nf4 Rg7+ 60. Kf2 Bb5 61. Ke3 Rg1 62. Nd5+ Kf7 63. Rf6+ Kg7 1-0

[Event "Kaluga Tsiolkovsky Memorial op"]
[Site "Kaluga"]
[Date "2013.08.08"]
[Round "6"]
[White "Egorov, Pavel"]
[Black "Drachev, Oleg"]
[Result "1-0"]
[WhiteElo "2086"]
[BlackElo "2187"]
[PlyCount "77"]
[EventDate "2013.08.03"]
[EventType "swiss"]
[EventRounds "9"]
[EventCountry "RUS"]
[SourceTitle "CBM 156 Extra"]
[Source "ChessBase"]
[SourceDate "2013.10.22"]
[SourceVersion "1"]
[SourceVersionDate "2013.10.22"]
[SourceQuality "1"]

1. d4 d6 2. Nf3 Nf6 3. c4 g6 4. Nc3 Bg7 5. e4 0-0 6. h3 Na6 7. Bf4 Nd7 8. Be2 e5 9. Bg5 f6 10. Bh4 exd4 11. Nxd4 Ndc5 12. 0-0 Ne6 13. Bg4 Nxd4 14. Qxd4 Bxg4 15. hxg4 Qc8 16. Nd5 Qe6 17. Nf4 Qxg4 18. Bg3 h5 19. Qd5+ Kh7 20. Qxb7 g5 21. f3 Qxg3 22. Nxh5 Qe5 23. Qxa6 Qxb2 24. Qb5 Qd4+ 25. Kh1 f5 26. Qd7 Kh6 27. Rad1 Qc3 28. Ng3 f4 29. Nf5+ Kg6 30. Qxc7 Rh8+ 31. Kg1 Be5 32. Ne7+ Kh6 33. Rxd6+ Bxd6 34. Qxd6+ Kg7 35. Nf5+ Kf7 36. e5 Rh7 37. Qd5+ Kg6 38. Qe6+ Kh5 39. g4+ 1-0

[Event "Kaluga Tsiolkovsky Memorial op"]
[Site "Kaluga"]
[Date "2013.08.05"]
[Round "3"]
[White "Drachev, Oleg"]
[Black "Martynyuk, Elizaveta"]
[Result "0-1"]
[WhiteElo "2187"]
[BlackElo "1972"]
[PlyCount "68"]
[EventDate "2013.08.03"]
[EventType "swiss"]
[EventRounds "9"]
[EventCountry "RUS"]
[SourceTitle "CBM 156 Extra"]
[Source "ChessBase"]
[SourceDate "2013.10.22"]
[SourceVersion "1"]
[SourceVersionDate "2013.10.22"]
[SourceQuality "1"]

1. e4 c5 2. Nf3 e6 3. c3 Nf6 4. Bd3 d5 5. e5 Nfd7 6. Bc2 Nc6 7. d4 cxd4 8. cxd4 Bb4+ 9. Nc3 b6 10. 0-0 Ba6 11. Re1 Rc8 12. Bd2 h6 13. a3 Bxc3 14. Bxc3 Na5 15. Bb4 g5 16. h3 h5 17. g3 g4 18. Nh4 Nc6 19. Bd6 Nxd4 20. Bb1 Ne2+ 21. Rxe2 Bxe2 22. Qxe2 Rc1+ 23. Kh2 Qg5 24. b4 Rg8 25. a4 gxh3 26. Qb2 Rc4 27. Nf3 Qg4 28. Nd2 h4 29. Ra3 Rf4 30. Nf1 Qd1 31. Bd3 Qf3 32. Be4 Qxe4 33. f3 Rxf3 34. Rxf3 Qxf3 0-1

[Event "Nezhmetdinov Memorial 35th"]
[Site "Kazan"]
[Date "2013.06.03"]
[Round "4"]
[White "Drachev, Oleg"]
[Black "Belyakov, Bogdan"]
[Result "0-1"]
[WhiteElo "2187"]
[BlackElo "2407"]
[PlyCount "86"]
[EventDate "2013.05.31"]
[EventType "swiss"]
[EventRounds "9"]
[EventCountry "RUS"]
[SourceTitle "CBM 154 Extra"]
[Source "ChessBase"]
[SourceDate "2013.06.25"]
[SourceVersion "2"]
[SourceVersionDate "2013.06.25"]
[SourceQuality "1"]

1. e4 e5 2. Nf3 Nc6 3. Nc3 Nf6 4. d4 exd4 5. Nxd4 Bb4 6. Nxc6 bxc6 7. Bd3 d5 8. exd5 Qe7+ 9. Qe2 Qxe2+ 10. Bxe2 Ne4 11. Bd2 Bxc3 12. bxc3 Nxd2 13. Kxd2 cxd5 14. Bf3 Be6 15. Rhb1 0-0-0 16. Rb4 Rd6 17. Rab1 Rb6 18. a4 Rd8 19. h4 Rdd6 20. a5 Rxb4 21. cxb4 Bf5 22. Re1 Kd7 23. Re5 Be6 24. g3 Rc6 25. Be2 Kd6 26. f4 f6 27. Re3 d4 28. Re4 Kd5 29. Bf3 Rc4 30. b5 Kd6 31. Bd1 Ra4 32. a6 Bd7 33. Be2 c6 34. f5 cxb5 35. Rg4 d3 36. Rxa4 bxa4 37. Bxd3 Kc5 38. Kc3 Bb5 39. g4 Bxd3 40. cxd3 Kb5 41. g5 Kxa6 42. h5 h6 43. gxh6 gxh6 0-1

[Event "Nezhmetdinov Memorial 35th"]
[Site "Kazan"]
[Date "2013.06.02"]
[Round "3"]
[White "Tunik, Gennady"]
[Black "Drachev, Oleg"]
[Result "1/2-1/2"]
[WhiteElo "2430"]
[BlackElo "2187"]
[PlyCount "95"]
[EventDate "2013.05.31"]
[EventType "swiss"]
[EventRounds "9"]
[EventCountry "RUS"]
[SourceTitle "CBM 154 Extra"]
[Source "ChessBase"]
[SourceDate "2013.06.25"]
[SourceVersion "2"]
[SourceVersionDate "2013.06.25"]
[SourceQuality "1"]

1. d4 d6 2. Nf3 Nf6 3. c4 g6 4. Nc3 Bg7 5. e4 0-0 6. Be2 Na6 7. 0-0 e5 8. Re1 c6 9. Rb1 exd4 10. Nxd4 Nc5 11. Bf3 a5 12. Bf4 Re8 13. Nb3 Ne6 14. Bxd6 a4 15. Nc5 Nxc5 16. Bxc5 Qa5 17. Be3 Be6 18. Be2 Nd7 19. Nd5 Nc5 20. Bxc5 Qxc5 21. Nc7 Bd4 22. Rf1 Red8 23. Nxa8 Bxf2+ 24. Rxf2 Rxd1+ 25. Rxd1 Qa5 26. b4 Qxa8 27. a3 Qb8 28. Rf3 Qe5 29. Re3 Kg7 30. g3 Qb2 31. Kf1 Qc2 32. Ke1 h5 33. h4 Kf6 34. e5+ Ke7 35. Rd4 b5 36. cxb5 cxb5 37. Rdd3 Bc4 38. Rc3 Qb1+ 39. Kf2 Qb2 40. Rcd3 Bb3 41. Rc3 Qxa3 42. Bxb5 Qxb4 43. Be2 Kf8 44. Rc8+ Kg7 45. Rcc3 Be6 46. Kf1 Qb2 47. Ke1 Bb3 48. Kf1 1/2-1/2

[Event "Nezhmetdinov Memorial 35th"]
[Site "Kazan"]
[Date "2013.06.01"]
[Round "2"]
[White "Drachev, Oleg"]
[Black "Askerov, Marat"]
[Result "1-0"]
[WhiteElo "2187"]
[BlackElo "1994"]
[PlyCount "45"]
[EventDate "2013.05.31"]
[EventType "swiss"]
[EventRounds "9"]
[EventCountry "RUS"]
[SourceTitle "CBM 154 Extra"]
[Source "ChessBase"]
[SourceDate "2013.06.25"]
[SourceVersion "2"]
[SourceVersionDate "2013.06.25"]
[SourceQuality "1"]

1. e4 c6 2. d4 d5 3. f3 e6 4. Nc3 Bb4 5. Bf4 Nf6 6. e5 Nfd7 7. a3 Be7 8. Be3 c5 9. f4 Nc6 10. Nf3 g5 11. dxc5 gxf4 12. Bxf4 Bxc5 13. Bd3 a6 14. Qe2 Qa5 15. Bd2 Qc7 16. 0-0-0 Ndxe5 17. Rhe1 Bd6 18. Kb1 Bd7 19. Bg5 d4 20. Ne4 Nxf3 21. Nf6+ Kf8 22. Bh6+ Ke7 23. Nd5+ 1-0

[Event "Moscow Govrnor Cup-A rapid"]
[Site "Moscow"]
[Date "2013.02.20"]
[Round "9"]
[White "Drachev, Oleg"]
[Black "Odnorozhenko, Evgenyi"]
[Result "1/2-1/2"]
[WhiteElo "2187"]
[BlackElo "2305"]
[PlyCount "82"]
[EventDate "2013.02.19"]
[EventType "swiss (rapid)"]
[EventRounds "11"]
[EventCountry "RUS"]
[SourceTitle "CBM 153 Extra"]
[Source "ChessBase"]
[SourceDate "2013.04.22"]
[SourceVersion "1"]
[SourceVersionDate "2013.04.22"]
[SourceQuality "1"]

1. e4 c5 2. Nf3 Nc6 3. Bb5 d6 4. 0-0 Bd7 5. c3 Nf6 6. Re1 a6 7. Ba4 b5 8. Bc2 Bg4 9. d3 e6 10. Nbd2 Be7 11. h3 Bh5 12. a3 0-0 13. b4 a5 14. g4 Bg6 15. Rb1 axb4 16. axb4 cxb4 17. cxb4 d5 18. Bb2 Bxb4 19. Re2 Be7 20. Bxf6 Bxf6 21. Rxb5 dxe4 22. Nxe4 Nd4 23. Nxf6+ Qxf6 24. Nxd4 Qxd4 25. Kg2 Rfd8 26. Re3 Rac8 27. Bb1 h6 28. Qf3 Rc1 29. h4 Qa1 30. Qb7 Qa8 31. Qxa8 Rxa8 32. h5 Bh7 33. Re2 Rd8 34. Reb2 Rcc8 35. R2b3 Kf8 36. f3 Rd6 37. Kf2 Rcd8 38. Ke3 g6 39. f4 gxh5 40. Rxh5 Kg7 41. Rhb5 R8d7 1/2-1/2

[Event "Kaluga Tsiolkovsky Memorial op"]
[Site "Kaluga"]
[Date "2012.08.02"]
[Round "4"]
[White "Bragin, Aleksandr Borisovic"]
[Black "Drachev, Oleg"]
[Result "0-1"]
[WhiteElo "2234"]
[BlackElo "2192"]
[PlyCount "82"]
[EventDate "2012.07.30"]
[EventType "swiss"]
[EventRounds "9"]
[EventCountry "RUS"]
[SourceTitle "EXT 2014"]
[Source "ChessBase"]
[SourceDate "2013.11.20"]
[SourceVersion "1"]
[SourceVersionDate "2013.11.20"]
[SourceQuality "1"]

1. e4 c5 2. Nf3 d6 3. d4 cxd4 4. Nxd4 Nf6 5. Nc3 Nc6 6. Bc4 e6 7. Bb3 Be7 8. Be3 0-0 9. f4 e5 10. Nf5 Bxf5 11. exf5 exf4 12. Bxf4 d5 13. Nxd5 Bc5 14. Bc7 Re8+ 15. Kf1 Nxd5 16. Qxd5 Qe7 17. Qc4 b5 18. Qxb5 Nd4 19. Bxf7+ Kxf7 20. Qc4+ Kf8 21. Bf4 Nxf5 22. g3 Rac8 23. Rd1 Bb6 24. Qd3 Qc5 25. Kg2 Qxc2+ 26. Kh3 Qxd3 27. Rxd3 Rc2 28. Rf1 Kg8 29. Rd7 Re7 30. Rd5 g6 31. Rf3 Rxb2 32. g4 Nd4 33. Rc3 Ne2 34. Rc8+ Kf7 35. Bd6 Re8 36. Rc6 Re3+ 37. Kh4 Nd4 38. Rc8 Ke6 39. Bf4 Kxd5 40. Bxe3 Rxh2+ 41. Kg3 Rxa2 0-1

[Event "Kaluga Tsiolkovsky Memorial op"]
[Site "Kaluga"]
[Date "2012.08.01"]
[Round "3"]
[White "Drachev, Oleg"]
[Black "Trusov, Boris"]
[Result "1-0"]
[WhiteElo "2192"]
[BlackElo "1924"]
[PlyCount "41"]
[EventDate "2012.07.30"]
[EventType "swiss"]
[EventRounds "9"]
[EventCountry "RUS"]
[SourceTitle "EXT 2014"]
[Source "ChessBase"]
[SourceDate "2013.11.20"]
[SourceVersion "1"]
[SourceVersionDate "2013.11.20"]
[SourceQuality "1"]

1. e4 e6 2. d4 d5 3. e5 Nd7 4. Nf3 c5 5. c3 Ne7 6. Bd3 Nc6 7. a3 f5 8. 0-0 Be7 9. b4 c4 10. Bc2 0-0 11. Kh1 Rf7 12. Rg1 g5 13. g4 f4 14. h4 gxh4 15. g5 Nf8 16. Nxh4 Bxg5 17. Nf3 h6 18. Nxg5 hxg5 19. Qh5 Rg7 20. Bxf4 gxf4 21. Nd2 1-0

[Event "Kaluga Tsiolkovsky Memorial op"]
[Site "Kaluga"]
[Date "2012.07.30"]
[Round "1"]
[White "Drachev, Oleg"]
[Black "Kulikov, Aleksandr P"]
[Result "1-0"]
[WhiteElo "2192"]
[BlackElo "1792"]
[PlyCount "85"]
[EventDate "2012.07.30"]
[EventType "swiss"]
[EventRounds "9"]
[EventCountry "RUS"]
[SourceTitle "EXT 2014"]
[Source "ChessBase"]
[SourceDate "2013.11.20"]
[SourceVersion "1"]
[SourceVersionDate "2013.11.20"]
[SourceQuality "1"]

1. e4 e5 2. Nf3 Nc6 3. d4 exd4 4. Nxd4 Nf6 5. Nxc6 bxc6 6. e5 Nd5 7. c4 Bb4+ 8. Bd2 Bxd2+ 9. Qxd2 Ne7 10. Nc3 Ng6 11. 0-0-0 0-0 12. f4 Qe7 13. Bd3 f6 14. exf6 Rxf6 15. g3 Qb4 16. Qc2 Nf8 17. Ne4 Rh6 18. Ng5 d5 19. c5 Bg4 20. Rde1 Bh5 21. a3 Qd4 22. Re7 Bg6 23. f5 Qf6 24. Rxc7 Qxg5+ 25. Kb1 Bh5 26. Re1 Re8 27. Rxe8 Bxe8 28. Rxa7 g6 29. Ra8 Bf7 30. a4 Qe7 31. Qd2 g5 32. h4 Rh5 33. Be2 Qe4+ 34. Qc2 Qxc2+ 35. Kxc2 Rh6 36. hxg5 Rh2 37. Kd1 Rh1+ 38. Kd2 Kg7 39. Ra7 Rh3 40. g4 Rb3 41. Kc2 d4 42. Rxf7+ Kxf7 43. Kxb3 1-0

[Event "Moscow-ch sf"]
[Site "Moscow"]
[Date "2011.03.17"]
[Round "3"]
[White "Morozov, Grigory"]
[Black "Drachev, Oleg"]
[Result "1-0"]
[WhiteElo "2335"]
[BlackElo "2086"]
[PlyCount "63"]
[EventDate "2011.03.13"]
[EventType "swiss"]
[EventRounds "9"]
[EventCountry "RUS"]
[SourceTitle "CBM 141 Extra"]
[Source "ChessBase"]
[SourceDate "2011.05.03"]
[SourceVersion "1"]
[SourceVersionDate "2011.05.03"]
[SourceQuality "1"]

1. d4 d6 2. Nf3 Nf6 3. Bg5 g6 4. Nbd2 Bg7 5. e4 0-0 6. Bd3 Nbd7 7. 0-0 e5 8. dxe5 Nxe5 9. Nxe5 dxe5 10. Nc4 Be6 11. Qf3 h6 12. Be3 Nd7 13. Rfd1 Qc8 14. Qg3 b5 15. Nd2 a6 16. c4 Nf6 17. Bc5 Rd8 18. Qe3 c6 19. Be2 Qb7 20. b4 Ng4 21. Qc3 h5 22. h3 Nf6 23. Qe3 Nd7 24. Be7 Re8 25. Bd6 Kh7 26. Nb3 bxc4 27. Na5 Qb6 28. Qf3 f5 29. Nxc4 fxe4 30. Qxe4 Bf5 31. Nxb6 Bxe4 32. Nxd7 1-0